000 00982nam a22003017a 4500
003 CHAP
005 20220329143618.0
008 100921s2010 us a r 00010 eng d
010 _a99303
011 _a100275
022 0 _a0081-024X
035 _a110961
040 _cCHAP
082 1 4 _a589.4709756
_bN79
100 0 0 _aNorris, James N.
_981777
245 1 0 _aMarine algae of the northern Gulf of California :
_bchlorophyta and phaeophyceae
_c/por James N. Norris
260 _aWashington, D.C. :
_bSmithsonian Institution Scholarly,
_c2010
300 _a276 p. :
_bilus.
490 _aSmithsonian contributions to botany
_v; 94
590 _aBATCH-UPD
_b10
_c20130110
_lUCH01
_h1053
590 _aCONVERSION
_b10
_c20130109
_lUCH01
_h1355
650 1 4 _aAlgas.
_93947
830 0 _aSmithsonian contributions to botany
_v; 94
_9107168
901 _aBK
911 _aen proceso
942 _cLIBRO
949 _a589.4709756 N79
_bBC
_cLIBRO
_d33724002218678
_eLIBRO
_h113519
_i110961
_sb
999 _c99303
_d99303